喇嘛王国的覆灭 (Record no. 37743)
[ view plain ]
| 000 -LEADER | |
|---|---|
| fixed length control field | 00721nam a2200229Ia 4500 |
| 008 - FIXED-LENGTH DATA ELEMENTS--GENERAL INFORMATION | |
| fixed length control field | 210114s9999||||xx |||||||||||||| ||und|| |
| 020 ## - INTERNATIONAL STANDARD BOOK NUMBER | |
| International Standard Book Number | 7802536073 |
| 020 ## - INTERNATIONAL STANDARD BOOK NUMBER | |
| International Standard Book Number | 9787802536074 |
| 041 ## - LANGUAGE CODE | |
| Language code of text/sound track or separate title | chi |
| Language code of original | eng |
| 050 ## - LIBRARY OF CONGRESS CALL NUMBER | |
| Classification number | DS786 |
| Item number | .G63512 2015 |
| 100 ## - MAIN ENTRY--PERSONAL NAME | |
| Personal name | Goldstein, Melvyn C. |
| 245 #0 - TITLE STATEMENT | |
| Title | 喇嘛王国的覆灭 |
| Remainder of title | / |
| Statement of responsibility, etc. | 戈爾斯坦 ( Melvyn C. Goldstein) 著; 杜永彬译 |
| 246 ## - VARYING FORM OF TITLE | |
| Title proper/short title | 喇嘛王國的覆滅 |
| Remainder of title | / |
| 260 ## - PUBLICATION, DISTRIBUTION, ETC. | |
| Place of publication, distribution, etc. | 北京 : |
| Name of publisher, distributor, etc. | 中国藏学出版社, |
| Date of publication, distribution, etc. | 2015 |
| 300 ## - PHYSICAL DESCRIPTION | |
| Extent | 45, 782 p. : |
| Other physical details | ill. ; |
| Dimensions | 23 cm. |
| 490 ## - SERIES STATEMENT | |
| Series statement | 西藏文明之旅书系 |
| 500 ## - GENERAL NOTE | |
| General note | Translation of: Patterns in comparative religion. |
| 650 ## - SUBJECT ADDED ENTRY--TOPICAL TERM | |
| Topical term or geographic name entry element | China, Tibet-History. |
| 700 ## - ADDED ENTRY--PERSONAL NAME | |
| Personal name | 戈爾斯坦 |
| 700 ## - ADDED ENTRY--PERSONAL NAME | |
| Personal name | 杜永彬 |
| Withdrawn status | Lost status | Damaged status | Not for loan | Home library | Current library | Shelving location | Date acquired | Total Checkouts | Full call number | Barcode | Date last seen | Price effective from | Koha item type |
|---|---|---|---|---|---|---|---|---|---|---|---|---|---|
| GETS Theological Seminary Library | GETS Theological Seminary Library | General Stacks | 01/14/2021 | DS786 .G63512 2015 | 00025631 | 01/14/2021 | 01/14/2021 | Chinese Book |